[Event "XI C.to Italiano U20"]
[Site "Bratto - Castione della Presolana ITA"]
[Date "2003.08.24"]
[Round "4"]
[White "Bertagnolli, Alexander"]
[Black "Berni, Giorgio"]
[Result "1-0"]
[WhiteElo "2290"]
[BlackElo "2219"]
[PlyCount "125"]
[EventDate "2003.08.21"]

1. c4 Nf6 2. Nf3 e6 3. d4 d5 4. Bf4 c5 5. Nc3 a6 6. dxc5 Bxc5 7. e3 Nc6 8. cxd5
exd5 9. Be2 O-O 10. O-O Be6 11. Rc1 d4 12. exd4 Nxd4 13. Be5 Nxe2+ 14. Qxe2 Nd7
15. Rfd1 Qa5 16. Ne4 Nxe5 17. Rxc5 Nxf3+ 18. Qxf3 Qb6 19. Qc3 Rad8 20. Rc1 Bxa2
21. h4 Bd5 22. Ng3 Qb3 23. Qe5 Rfe8 24. Qg5 h6 25. Qh5 Qxb2 26. R1c3 Be6 27.
Kh2 Qxf2 28. Rf3 Qd4 29. Nf5 Bxf5 30. Rcxf5 Qd6+ 31. Rg3 Rd7 32. Qg4 f6 33.
Rxf6 Qxf6 34. Qxd7 Qxh4+ 35. Kg1 Re7 36. Qd8+ Kh7 37. Re3 Rxe3 38. Qxh4 Re5 39.
Qd4 Rb5 40. Kh2 Kg8 41. Qf4 Kh7 42. Qf7 Kh8 43. Qf8+ Kh7 44. Qe8 Rb4 45. Qe5
Rb5 46. Qe4+ Kg8 47. Qf3 Kh7 48. Kg1 Kg6 49. Qg4+ Kh7 50. Qe4+ Kg8 51. Qe8+ Kh7
52. Kf2 Rf5+ 53. Ke3 Rb5 54. Kd2 Rb2+ 55. Kc3 Rb5 56. g4 g5 57. Qf7+ Kh8 58.
Qg6 Rc5+ 59. Kd4 Rb5 60. Kc4 b6 61. Kd4 Ra5 62. Qxh6+ Kg8 63. Qxb6 1-0

[Event "XI C.to Italiano U20"]
[Site "Bratto - Castione della Presolana ITA"]
[Date "2003.08.24"]
[Round "4"]
[White "Bonafede, Alessandro"]
[Black "Nardi, Marco"]
[Result "1-0"]
[WhiteElo "2098"]
[BlackElo "1774"]
[PlyCount "97"]
[EventDate "2003.08.21"]

1. e4 e5 2. Nf3 Nf6 3. Nxe5 d6 4. Nf3 Nxe4 5. d4 d5 6. Bd3 Bd6 7. O-O O-O 8. c4
c6 9. Re1 Re8 10. Nc3 Nxc3 11. bxc3 Rxe1+ 12. Qxe1 Bg4 13. Bg5 f6 14. Bh4 Bh5
15. Qb1 Qc7 16. Bxh7+ Kh8 17. c5 Bf4 18. Bg3 Bxg3 19. hxg3 Nd7 20. Bg6 Bg4 21.
Bf5 Bxf5 22. Qxf5 Nf8 23. Re1 Rd8 24. Nh4 Qf7 25. Qh3 Kg8 26. Nf5 Re8 27. Rb1
Rb8 28. Qg4 Qd7 29. Qf4 Re8 30. g4 Re4 31. Qd6 b6 32. cxb6 axb6 33. Rxb6 Re1+
34. Kh2 g6 35. Rb8 Qxd6+ 36. Nxd6 Rc1 37. Rb3 Rc2 38. a4 Ra2 39. Rb6 Rxa4 40.
Rxc6 Ra2 41. Ne8 Nh7 42. Nxf6+ Nxf6 43. Rxf6 Kg7 44. g5 Rc2 45. Rf3 Re2 46. Kg3
Re6 47. Re3 Rc6 48. Kf4 Rc8 49. Ke5 1-0

[Event "XI C.to Italiano U20"]
[Site "Bratto - Castione della Presolana ITA"]
[Date "2003.08.24"]
[Round "4"]
[White "Braschi, Giancarlo"]
[Black "Piscopo, Pierluigi"]
[Result "0-1"]
[WhiteElo "2138"]
[BlackElo "2319"]
[PlyCount "56"]
[EventDate "2003.08.21"]

1. d4 Nf6 2. c4 g6 3. Nc3 Bg7 4. e4 O-O 5. Be2 c6 6. f4 d5 7. e5 Ne4 8. Nxe4
dxe4 9. Be3 f6 10. Qc2 c5 11. Qxe4 Nc6 12. d5 Bf5 13. Qf3 Nb4 14. g4 Nc2+ 15.
Kf2 fxe5 16. gxf5 exf4 17. Bd2 Nxa1 18. fxg6 Nc2 19. gxh7+ Kh8 20. Bc3 Nd4 21.
Qe4 e6 22. dxe6 Qh4+ 23. Kf1 Rae8 24. Qg2 Rxe6 25. Nf3 Qxh7 26. Bxd4 Bxd4 27.
Nxd4 cxd4 28. Bg4 Qb1+ 0-1

[Event "XI C.to Italiano U20"]
[Site "Bratto - Castione della Presolana ITA"]
[Date "2003.08.24"]
[Round "4"]
[White "Buchicchio, Alessandro"]
[Black "Parpinel, Marco"]
[Result "1-0"]
[WhiteElo "1785"]
[BlackElo "1606"]
[PlyCount "107"]
[EventDate "2003.08.21"]

1. d4 g6 2. c4 Bg7 3. Nf3 d6 4. Nc3 Bg4 5. Bf4 Bxf3 6. gxf3 Nd7 7. Qd2 e5 8.
Be3 Ne7 9. Bh3 f5 10. Bh6 Bf6 11. O-O-O Nc6 12. dxe5 Ncxe5 13. b3 Nf7 14. Be3
Ng5 15. Bg2 Ne6 16. f4 O-O 17. Bd5 Re8 18. Bxb7 Rb8 19. Bd5 c5 20. Nb5 Rxb5 21.
cxb5 Kf7 22. Bc6 Nd4 23. Bxd4 cxd4 24. e3 a6 25. Kb1 axb5 26. Bxb5 Qc7 27. Rc1
Qb7 28. Bc6 Qa7 29. exd4 Rb8 30. Bxd7 Qxd7 31. Rc4 Qb7 32. Rhc1 Ke8 33. Rc7
Qe4+ 34. R7c2 Kd7 35. Qc3 Rb7 36. Qc8+ Ke7 37. Qxb7+ Qxb7 38. Rc7+ Qxc7 39.
Rxc7+ Ke6 40. a4 Bxd4 41. a5 Bxf2 42. a6 Bb6 43. a7 Bxa7 44. Rxa7 h6 45. b4 d5
46. Rc7 Kd6 47. Rc1 d4 48. Kc2 Kc6 49. Kd3+ Kb5 50. Rb1 g5 51. fxg5 hxg5 52.
Kxd4 f4 53. Ke4 Kb6 54. b5 1-0

[Event "XI C.to Italiano U20"]
[Site "Bratto - Castione della Presolana ITA"]
[Date "2003.08.24"]
[Round "4"]
[White "Buchicchio, Giampaolo"]
[Black "Mogranzini, Roberto"]
[Result "1-0"]
[WhiteElo "2253"]
[BlackElo "2172"]
[PlyCount "41"]
[EventDate "2003.08.21"]

1. e4 c5 2. c3 d5 3. exd5 Qxd5 4. d4 Nf6 5. Nf3 Bg4 6. Nbd2 Nc6 7. Bc4 Qd6 8.
dxc5 Qxc5 9. Qb3 e6 10. Qxb7 Rb8 11. Qa6 Be7 12. b4 Qd6 13. Bb5 Rb6 14. Qc8+
Bd8 15. Nc4 Qd5 16. Nd4 Rxb5 17. Qxc6+ Qxc6 18. Nxc6 O-O 19. a4 Rb7 20. Be3 a6
21. Bc5 1-0

[Event "XI C.to Italiano U20"]
[Site "Bratto - Castione della Presolana ITA"]
[Date "2003.08.24"]
[Round "4"]
[White "Buono, Valerio"]
[Black "Trazzi, Enrico"]
[Result "1-0"]
[WhiteElo "1705"]
[BlackElo "1600"]
[PlyCount "43"]
[EventDate "2003.08.21"]

1. e4 g6 2. d4 Bg7 3. Nc3 d6 4. Nf3 Bg4 5. Be3 c6 6. h3 Bxf3 7. Qxf3 Nd7 8. Bc4
e6 9. Qe2 Ne7 10. Bb3 O-O 11. f4 d5 12. g4 c5 13. exd5 cxd4 14. dxe6 dxc3 15.
exd7 Qxd7 16. Rd1 Qc6 17. O-O cxb2 18. Qf2 Nc8 19. f5 gxf5 20. gxf5 Qf6 21. Bd4
Qh6 22. Qg3 1-0

[Event "XI C.to Italiano U20"]
[Site "Bratto - Castione della Presolana ITA"]
[Date "2003.08.24"]
[Round "4"]
[White "Cappai, Davide"]
[Black "Locatelli, Andrea"]
[Result "1/2-1/2"]
[WhiteElo "2105"]
[BlackElo "2011"]
[PlyCount "90"]
[EventDate "2003.08.21"]

1. e4 c5 2. Nf3 d6 3. d4 cxd4 4. Nxd4 Nf6 5. Nc3 a6 6. Bg5 e6 7. f4 Qb6 8. Qd2
Qxb2 9. Nb3 Nc6 10. Bxf6 gxf6 11. Na4 Qa3 12. Nb6 Rb8 13. Nc4 Qa4 14. Bd3 b5
15. Nb2 Qa3 16. c3 Na5 17. O-O Nxb3 18. axb3 Qc5+ 19. Kh1 Bb7 20. Rac1 Bc6 21.
Bb1 Qb6 22. Rce1 Rg8 23. Re2 Rd8 24. Nd3 a5 25. c4 b4 26. Ne1 Qc5 27. Nf3 Bh6
28. Nd4 Ke7 29. Qd3 Rg4 30. Nxc6+ Qxc6 31. Ref2 Rdg8 32. Qh3 Bf8 33. Bc2 h6 34.
Bd1 R4g7 35. Qe3 Kd7 36. Bf3 Be7 37. Rd1 e5 38. Rd5 Ra8 39. fxe5 fxe5 40. Bd1
Bg5 41. Qh3+ Ke8 42. Bh5 Ke7 43. Rf1 a4 44. bxa4 Qxc4 45. Rfd1 Rd8 1/2-1/2

[Event "XI C.to Italiano U20"]
[Site "Bratto - Castione della Presolana ITA"]
[Date "2003.08.24"]
[Round "4"]
[White "Damia, Angelo"]
[Black "Buono, Michele"]
[Result "1-0"]
[WhiteElo "2021"]
[BlackElo "2129"]
[PlyCount "81"]
[EventDate "2003.08.21"]

1. e4 c5 2. Nf3 d6 3. d4 cxd4 4. Nxd4 Nf6 5. Nc3 a6 6. f3 Qc7 7. Be3 e5 8. Nb3
Be6 9. Qd2 Nbd7 10. O-O-O O-O-O 11. g4 h6 12. Kb1 Be7 13. Nd5 Bxd5 14. exd5 Nc5
15. Nxc5 dxc5 16. c4 Bd6 17. Bd3 Rde8 18. Be4 Kb8 19. Rhe1 Nxe4 20. fxe4 f6 21.
h4 Qd7 22. Rg1 g5 23. Qf2 Qe7 24. Rdf1 Ref8 25. Rg3 Qc7 26. Rf3 Be7 27. hxg5
hxg5 28. Qg2 b6 29. Rh3 Rxh3 30. Qxh3 Qc8 31. Rh1 Rf7 32. Qh5 Qf8 33. Qh8 Qxh8
34. Rxh8+ Kc7 35. Kc2 Rf8 36. Rh7 Kd6 37. b4 Rc8 38. Kb3 Bd8 39. Ra7 cxb4 40.
Rxa6 Rb8 41. c5+ 1-0

[Event "XI C.to Italiano U20"]
[Site "Bratto - Castione della Presolana ITA"]
[Date "2003.08.24"]
[Round "4"]
[White "Dessi', Fabrizio Daniele"]
[Black "Campanella, Giovanni"]
[Result "0-1"]
[WhiteElo "1522"]
[BlackElo "1549"]
[PlyCount "46"]
[EventDate "2003.08.21"]

1. d4 d5 2. c4 e5 3. dxe5 d4 4. Nf3 Nc6 5. g3 Bg4 6. Bg2 Qd7 7. Qb3 O-O-O 8. a3
Bh3 9. O-O Bxg2 10. Kxg2 f6 11. exf6 gxf6 12. Rd1 h5 13. Bf4 Bh6 14. Bxh6 Nxh6
15. e3 Nf5 16. h4 Rhg8 17. Nc3 Qe6 18. Nd5 Rg4 19. Rd3 Rdg8 20. Nf4 Qe4 21.
Nxh5 Nxh4+ 22. Kh3 Qxf3 23. e4 Qg2# 0-1

[Event "XI C.to Italiano U20"]
[Site "Bratto - Castione della Presolana ITA"]
[Date "2003.08.24"]
[Round "4"]
[White "Ferrante, Marco"]
[Black "Lain, Luigi"]
[Result "0-1"]
[WhiteElo "1849"]
[BlackElo "2261"]
[PlyCount "36"]
[EventDate "2003.08.21"]

1. e4 e5 2. Nf3 Nc6 3. Bc4 Bc5 4. d3 d6 5. Nc3 h6 6. Be3 Bb6 7. Qd2 Nf6 8.
O-O-O Na5 9. Bb3 Nxb3+ 10. axb3 Ba5 11. Qe2 Be6 12. d4 Bxc3 13. dxe5 Nxe4 14.
Qb5+ c6 15. Qxb7 O-O 16. bxc3 Qa5 17. Kb2 Qxc3+ 18. Ka3 Rab8 0-1

[Event "XI C.to Italiano U20"]
[Site "Bratto - Castione della Presolana ITA"]
[Date "2003.08.24"]
[Round "4"]
[White "Ferrarese, Giacomo"]
[Black "Pagan, Andrea"]
[Result "0-1"]
[WhiteElo "1507"]
[BlackElo "1603"]
[PlyCount "122"]
[EventDate "2003.08.21"]

1. c4 e5 2. Nc3 Nf6 3. g3 Bb4 4. Bg2 O-O 5. d3 Bxc3+ 6. bxc3 Re8 7. e4 h6 8.
Ne2 c6 9. Qb3 d6 10. O-O Nbd7 11. f4 Nc5 12. Qd1 Bg4 13. Bf3 Bxf3 14. Rxf3 Ne6
15. Rb1 b6 16. Kg2 Nc7 17. Qf1 Re6 18. Kh1 Qd7 19. Rb2 Nh7 20. Ng1 f6 21. Rbf2
Na6 22. Ba3 Rd8 23. Qe2 Nc5 24. Bxc5 dxc5 25. Qf1 b5 26. cxb5 cxb5 27. Rb2 a6
28. Rc2 exf4 29. gxf4 Rd6 30. Rd2 Re8 31. Re3 Nf8 32. f5 Qc6 33. Qg2 Nd7 34.
Rg3 Re7 35. Rh3 Kf8 36. Re3 Ne5 37. Nf3 Red7 38. Nxe5 fxe5 39. Qg3 Re7 40. Rf2
c4 41. dxc4 Qxc4 42. Qh4 Rf6 43. Kg2 Ref7 44. Qh3 Rd7 45. Qf3 Rfd6 46. Qh3 Rd2
47. f6 gxf6 48. Qxh6+ Rg7+ 49. Kf3 Rxf2+ 50. Kxf2 Qxa2+ 51. Re2 Qe6 52. Qh8+
Kf7 53. Qb8 f5 54. Qb7+ Kg6 55. Qd5 Qxd5 56. exd5 Kf6 57. Rb2 Rb7 58. c4 e4 59.
Ke3 Ke5 60. Rd2 f4+ 61. Ke2 Rd7 0-1

[Event "XI C.to Italiano U20"]
[Site "Bratto - Castione della Presolana ITA"]
[Date "2003.08.24"]
[Round "4"]
[White "Fratino, Lorenzo"]
[Black "D'Apa, Matteo"]
[Result "0-1"]
[WhiteElo "1548"]
[BlackElo "1747"]
[PlyCount "36"]
[EventDate "2003.08.21"]

1. e4 e5 2. d4 exd4 3. Qxd4 Nc6 4. Qe3 b6 5. Bd2 Bc5 6. Qg3 Bb7 7. Nc3 Qf6 8.
Nd5 Qxb2 9. Bc3 Qxc2 10. Nxc7+ Kd8 11. Nxa8 Bxf2+ 12. Qxf2 Qxc3+ 13. Ke2 Ba6+
14. Kd1 Qxa1+ 15. Kd2 Qxa2+ 16. Ke3 Qa3+ 17. Kf4 Qd6+ 18. Ke3 Qd4+ 0-1

[Event "XI C.to Italiano U20"]
[Site "Bratto - Castione della Presolana ITA"]
[Date "2003.08.24"]
[Round "4"]
[White "Gatterer, Matthias"]
[Black "Massironi, Marco"]
[Result "0-1"]
[WhiteElo "1684"]
[BlackElo "2082"]
[PlyCount "112"]
[EventDate "2003.08.21"]

1. d4 Nf6 2. Nf3 g6 3. c4 Bg7 4. Nc3 d5 5. e3 O-O 6. Be2 c5 7. O-O dxc4 8. dxc5
Qc7 9. Bxc4 Qxc5 10. Qe2 a6 11. a3 b5 12. Bb3 Nc6 13. e4 e5 14. Rd1 Bg4 15. Be3
Nd4 16. Bxd4 exd4 17. Nd5 Nxd5 18. Bxd5 Rad8 19. Rac1 Qa7 20. Qd3 Bf5 21. exf5
Rxd5 22. fxg6 hxg6 23. Qb3 Rfd8 24. Rd3 Rc5 25. Qd1 Rc4 26. Nd2 Rxc1 27. Qxc1
Qd7 28. Qd1 Qd5 29. Nf3 Qe4 30. h3 Rc8 31. Kh2 Rc4 32. Kh1 Rc1 33. Qxc1 Qxd3
34. Qc8+ Bf8 35. Ne5 Qb1+ 36. Kh2 Qxb2 37. Nxg6 fxg6 38. Qe6+ Kh7 39. Qf7+ Bg7
40. Qf4 Qxa3 41. Qh4+ Kg8 42. Qd8+ Qf8 43. Qd5+ Kh7 44. Qa2 Qd6+ 45. g3 d3 46.
Qd2 Bh6 47. f4 Qd4 48. Kg2 Qe4+ 49. Kf2 Qe2+ 50. Qxe2 dxe2 51. Kxe2 Kg7 52. Kd3
Kf6 53. Ke4 a5 54. Kd4 Kf5 55. Kd3 Bxf4 56. gxf4 Kxf4 0-1

[Event "XI C.to Italiano U20"]
[Site "Bratto - Castione della Presolana ITA"]
[Date "2003.08.24"]
[Round "4"]
[White "Hellweger, Stefan"]
[Black "Bellemo, Davide"]
[Result "1-0"]
[WhiteElo "1576"]
[BlackElo "1618"]
[PlyCount "179"]
[EventDate "2003.08.21"]

1. e4 e5 2. Nf3 Nc6 3. Bb5 a6 4. Bxc6 dxc6 5. Nc3 Bd6 6. h3 Be6 7. d4 exd4 8.
Qxd4 f6 9. Be3 Ne7 10. O-O-O O-O 11. Nh2 Ng6 12. Rdf1 Bf4 13. Kb1 Qxd4 14. Bxd4
Rad8 15. Bc5 Rfe8 16. Nf3 Bc4 17. Rd1 b6 18. Ba3 c5 19. b3 Bf7 20. Rxd8 Rxd8
21. Rd1 Bd6 22. Bc1 Re8 23. Ng1 Be5 24. Nce2 Be6 25. f3 c4 26. f4 cxb3 27. axb3
Bd6 28. f5 Nh4 29. fxe6 Rxe6 30. g3 Ng6 31. Rd4 Ne5 32. Bf4 h6 33. Bxe5 Bxe5
34. Rd3 Bd6 35. Rd4 Be5 36. Rd8+ Kh7 37. Rd3 Bd6 38. Nc3 Bb4 39. Nge2 Bd6 40.
Nf4 Re8 41. Re3 Rd8 42. Nd3 Re8 43. g4 Re7 44. Ne2 Re8 45. Nd4 g6 46. Nf3 Kg7
47. e5 fxe5 48. Nfxe5 b5 49. Re1 Rf8 50. Re3 Re8 51. Kc1 c5 52. Kd2 Rd8 53. Nc6
Rd7 54. Ke2 Rc7 55. Nd8 Rc8 56. Ne6+ Kg8 57. Nef4 c4 58. bxc4 bxc4 59. Ne5 g5
60. Nh5 a5 61. Re4 a4 62. Nxc4 Bb4 63. Nf6+ Kf7 64. Nd5 Bf8 65. Kd3 a3 66. Re1
a2 67. Ra1 Ra8 68. c3 Ra4 69. Nd2 Bg7 70. Nb3 Ra3 71. Kc2 Ke6 72. Nb4 Ra8 73.
Nxa2 Rc8 74. Re1+ Kf7 75. Kd3 Ra8 76. Nb4 Ra3 77. Nd4 Bf8 78. Nbc6 Ra2 79. Nd8+
Kg8 80. N8e6 Ba3 81. Re2 Ra1 82. Ke4 Rh1 83. Re3 Kf7 84. c4 Rc1 85. Rxa3 Rxc4
86. Kf5 Rc1 87. Ra7+ Ke8 88. Ng7+ Kf8 89. Kg6 Rd1 90. Nde6+ 1-0

[Event "XI C.to Italiano U20"]
[Site "Bratto - Castione della Presolana ITA"]
[Date "2003.08.24"]
[Round "4"]
[White "Lampl, Gerald"]
[Black "Reginato, Mauro"]
[Result "1-0"]
[WhiteElo "1600"]
[BlackElo "1453"]
[PlyCount "51"]
[EventDate "2003.08.21"]

1. Nf3 Nc6 2. d4 d5 3. Bf4 Nf6 4. e3 Bg4 5. Nbd2 e6 6. Bb5 Bd6 7. Bg3 O-O 8.
Bxc6 bxc6 9. c4 c5 10. Qc2 Bf5 11. Qc3 cxd4 12. Nxd4 Be4 13. f3 Bg6 14. c5
Bxg3+ 15. hxg3 h6 16. N2b3 e5 17. Nc6 d4 18. exd4 exd4 19. Nbxd4 Qe8+ 20. Kf2
Nd5 21. Qd2 Qd7 22. Rhe1 a5 23. Ne5 Qd8 24. Ndc6 Qf6 25. Qxd5 Ra6 26. Nxg6 1-0

[Event "XI C.to Italiano U20"]
[Site "Bratto - Castione della Presolana ITA"]
[Date "2003.08.24"]
[Round "4"]
[White "Lettieri, Giuseppe"]
[Black "Chinello, Gianmarco"]
[Result "1-0"]
[WhiteElo "1894"]
[BlackElo "1681"]
[PlyCount "46"]
[EventDate "2003.08.21"]

1. e4 e5 2. Nf3 Nc6 3. d4 exd4 4. Nxd4 Bc5 5. Be3 Nxd4 6. Bxd4 Bxd4 7. Qxd4 Nf6
8. e5 Qe7 9. Be2 Ng8 10. Nc3 c6 11. Ne4 f6 12. Nd6+ Kf8 13. f4 b5 14. O-O Nh6
15. a4 Nf7 16. Nxf7 Qxf7 17. axb5 cxb5 18. Bf3 d5 19. Bxd5 Be6 20. Bxa8 Bc4 21.
Rxa7 Qg6 22. Qd6+ Kg8 23. Bd5+ Bxd5 1-0

[Event "XI C.to Italiano U20"]
[Site "Bratto - Castione della Presolana ITA"]
[Date "2003.08.24"]
[Round "4"]
[White "Lorusso, Giuseppe"]
[Black "Navarro, Stefano"]
[Result "0-1"]
[WhiteElo "1801"]
[BlackElo "2125"]
[PlyCount "88"]
[EventDate "2003.08.21"]

1. d4 d5 2. c4 e6 3. Nc3 c6 4. Nf3 Nf6 5. Bg5 Nbd7 6. e3 Qa5 7. Nd2 Bb4 8. Qc2
dxc4 9. Bxf6 Nxf6 10. Nxc4 Qc7 11. Bd3 O-O 12. Ne5 c5 13. O-O-O cxd4 14. exd4
g6 15. h4 Nd5 16. Nxd5 Qxc2+ 17. Bxc2 exd5 18. Kb1 Be6 19. f3 Rae8 20. g4 f6
21. Nd3 Bd6 22. Nc5 Bxc5 23. dxc5 Rc8 24. b4 a5 25. a3 axb4 26. axb4 b6 27.
Rhe1 Bf7 28. cxb6 Rb8 29. Rd4 Rxb6 30. Kb2 Rfb8 31. Ka3 Rc6 32. Bb3 Rc3 33. Rf1
Re3 34. Kb2 Re5 35. Rfd1 Re2+ 36. Kc3 Rc8+ 37. Kd3 Re5 38. f4 Re4 39. Bxd5
Rxd4+ 40. Kxd4 Bxd5 41. Rb1 Ba8 42. b5 Kf7 43. Re1 Rc7 44. Re3 Re7 0-1

[Event "XI C.to Italiano U20"]
[Site "Bratto - Castione della Presolana ITA"]
[Date "2003.08.24"]
[Round "4"]
[White "Napoli, Nicolo'"]
[Black "Bonagura, Stefano"]
[Result "1-0"]
[WhiteElo "2039"]
[BlackElo "1579"]
[PlyCount "49"]
[EventDate "2003.08.21"]

1. e4 e6 2. d4 d5 3. Nc3 Nf6 4. Bg5 Be7 5. e5 Nfd7 6. h4 a6 7. Nf3 c5 8. dxc5
Nxc5 9. Bd3 Nc6 10. Qd2 f6 11. Bf4 b5 12. a3 Bb7 13. Qe2 Nxd3+ 14. cxd3 Qd7 15.
Rc1 Rc8 16. O-O O-O 17. Rfe1 f5 18. Bg5 h6 19. Bxe7 Qxe7 20. d4 Na5 21. Nb1 Nc4
22. Rc3 g5 23. hxg5 hxg5 24. Nxg5 Qxg5 25. Rg3 1-0

[Event "XI C.to Italiano U20"]
[Site "Bratto - Castione della Presolana ITA"]
[Date "2003.08.24"]
[Round "4"]
[White "Navarro, Tommaso"]
[Black "Ferro, Mario"]
[Result "0-1"]
[WhiteElo "1513"]
[BlackElo "2190"]
[PlyCount "58"]
[EventDate "2003.08.21"]

1. e4 c5 2. d4 cxd4 3. c3 Nf6 4. Qc2 Nc6 5. Ne2 Qb6 6. cxd4 Nb4 7. Qc4 Nxe4 8.
Be3 d5 9. Qb3 e6 10. a3 Qa5 11. Nec3 Be7 12. Be2 Nc6 13. O-O Nxc3 14. Nxc3 a6
15. Rfd1 b5 16. Rac1 Bd7 17. Bf3 O-O 18. h3 Rac8 19. Ne2 Bf6 20. Bf4 Nxd4 21.
Nxd4 Rxc1 22. Rxc1 Bxd4 23. Bxd5 exd5 24. Qxd5 Bxb2 25. Rb1 Be6 26. Qd3 Qxa3
27. Qd2 Bc3 28. Qc2 Qc5 29. Rd1 Bd4 0-1

[Event "XI C.to Italiano U20"]
[Site "Bratto - Castione della Presolana ITA"]
[Date "2003.08.24"]
[Round "4"]
[White "Pagan, Nicolo'"]
[Black "Akmedov, Alisher"]
[Result "1-0"]
[WhiteElo "1600"]
[BlackElo "1434"]
[PlyCount "93"]
[EventDate "2003.08.21"]

1. d4 Nf6 2. c4 c5 3. d5 b5 4. Nc3 b4 5. Nb1 d6 6. Bg5 Nbd7 7. Nd2 g6 8. e4 Bg7
9. Rb1 O-O 10. Ne2 a5 11. f4 Ng4 12. Qb3 a4 13. Qf3 Ngf6 14. h3 Qc7 15. g4 e6
16. dxe6 fxe6 17. Bg2 Bb7 18. Qg3 Nb6 19. O-O Nfd7 20. f5 exf5 21. exf5 Bxg2
22. Qxg2 Rae8 23. Nf4 gxf5 24. gxf5 Rxf5 25. Nh5 Rxf1+ 26. Rxf1 Nf8 27. Nf6+
Bxf6 28. Bxf6+ Ng6 29. h4 d5 30. h5 Re3 31. Bh4 Re6 32. Kh1 Qd7 33. hxg6 Rxg6
34. Qf3 Qd6 35. Qf7+ Kh8 36. Bf6+ Rxf6 37. Qxf6+ Qxf6 38. Rxf6 Nxc4 39. Nxc4
dxc4 40. Rc6 b3 41. axb3 cxb3 42. Rxc5 Kg7 43. Ra5 Kg6 44. Rxa4 Kg5 45. Rb4 h5
46. Rxb3 Kg4 47. Rc3 1-0

[Event "XI C.to Italiano U20"]
[Site "Bratto - Castione della Presolana ITA"]
[Date "2003.08.24"]
[Round "4"]
[White "Procacci, Sergio"]
[Black "Longo, Luigi"]
[Result "0-1"]
[WhiteElo "1551"]
[BlackElo "1693"]
[PlyCount "70"]
[EventDate "2003.08.21"]

1. c4 e6 2. Nc3 Nf6 3. e4 d5 4. e5 d4 5. exf6 dxc3 6. fxg7 cxd2+ 7. Qxd2 Qxd2+
8. Bxd2 Bxg7 9. Rb1 b6 10. b4 Bb7 11. Nf3 Be4 12. Rd1 Nd7 13. Be2 O-O-O 14. O-O
Ne5 15. Nxe5 Bxe5 16. Be3 Bb2 17. Rxd8+ Rxd8 18. Rd1 Rxd1+ 19. Bxd1 Bc3 20. b5
Bd3 21. Bb3 Kd7 22. f4 Kd6 23. Kf2 f6 24. g4 e5 25. g5 Bd4 26. Bxd4 exd4 27.
gxf6 Ke6 28. c5+ Kxf6 29. cxb6 cxb6 30. a4 Kf5 31. Kf3 Bb1 32. Bg8 Kf6 33. Bb3
h6 34. h3 d3 35. h4 Bc2 0-1

[Event "XI C.to Italiano U20"]
[Site "Bratto - Castione della Presolana ITA"]
[Date "2003.08.24"]
[Round "4"]
[White "Reduzzi, Maurizio"]
[Black "Rombaldoni, Denis"]
[Result "0-1"]
[WhiteElo "1749"]
[BlackElo "2064"]
[PlyCount "86"]
[EventDate "2003.08.21"]

1. d4 d5 2. Nf3 Nf6 3. c4 e6 4. Nc3 Be7 5. Bg5 Nbd7 6. e3 O-O 7. Rc1 c6 8. Bd3
Nh5 9. Bxe7 Qxe7 10. cxd5 exd5 11. O-O f5 12. Qc2 g6 13. a3 Kg7 14. b4 Ndf6 15.
Ne5 a5 16. Qb3 Be6 17. Na4 axb4 18. axb4 Ne4 19. Rc2 f4 20. Nc5 Bg8 21. b5 fxe3
22. Bxe4 exf2+ 23. Rcxf2 Rxf2 24. Rxf2 dxe4 25. Qe3 cxb5 26. Nxe4 Ra1+ 27. Rf1
Rxf1+ 28. Kxf1 Bc4+ 29. Kg1 Nf6 30. h4 Nxe4 31. Qxe4 b4 32. Qf4 Bd5 33. h5 b3
34. h6+ Kg8 35. Qc1 Be6 36. Qc3 Bd5 37. Qe1 Qf8 38. Qd2 Qc8 39. Qa5 Qc1+ 40.
Kf2 Qb2+ 41. Ke3 Qc1+ 42. Kf2 Qc2+ 43. Ke1 Qb1+ 0-1

[Event "XI C.to Italiano U20"]
[Site "Bratto - Castione della Presolana ITA"]
[Date "2003.08.24"]
[Round "4"]
[White "Ronchetti, Niccolo'"]
[Black "Tomba, Ivan"]
[Result "1/2-1/2"]
[WhiteElo "2217"]
[BlackElo "2175"]
[PlyCount "55"]
[EventDate "2003.08.21"]

1. e4 c5 2. Nf3 d6 3. d4 cxd4 4. Nxd4 Nf6 5. Nc3 e6 6. Bc4 Be7 7. Bb3 O-O 8.
O-O Na6 9. f4 Nc5 10. Qf3 a5 11. f5 Qb6 12. Kh1 a4 13. Bc4 Qb4 14. b3 Ncxe4 15.
Nxe4 Nxe4 16. Qxe4 d5 17. Bxd5 exd5 18. Qd3 Bf6 19. Bb2 b6 20. Nc6 Qd6 21. Bxf6
Qxf6 22. Nb4 d4 23. Qe4 Ra5 24. Nd5 Qd6 25. Ne7+ Kh8 26. Nxc8 Rxc8 27. Rad1 Rd8
28. Rfe1 1/2-1/2

[Event "XI C.to Italiano U20"]
[Site "Bratto - Castione della Presolana ITA"]
[Date "2003.08.24"]
[Round "4"]
[White "Sautto, Daniele"]
[Black "Stromboli, Ettore"]
[Result "1-0"]
[WhiteElo "2130"]
[BlackElo "2155"]
[PlyCount "157"]
[EventDate "2003.08.21"]

1. e4 e6 2. d4 d5 3. Nd2 c5 4. exd5 exd5 5. Ngf3 Nc6 6. Be2 Bf5 7. O-O Bd6 8.
dxc5 Bxc5 9. Nb3 Bd6 10. Nbd4 Qd7 11. c4 Nge7 12. cxd5 Nxd4 13. Nxd4 O-O 14.
Bf3 Bg6 15. Qb3 Rac8 16. Be3 a6 17. Rac1 Be5 18. Ne2 b5 19. Rxc8 Rxc8 20. Rc1
Rxc1+ 21. Bxc1 Qc7 22. g3 Bc2 23. Qa3 Bd1 24. Be3 a5 25. Qd3 Bxe2 26. Bxe2 b4
27. Qc4 Qd8 28. Bf3 Bxb2 29. Qb5 Nc8 30. Bf4 Bf6 31. Bc7 Qf8 32. Qc6 a4 33.
Qxa4 g6 34. Qa6 Be7 35. Qb7 Nd6 36. Qxb4 Ne8 37. Qb7 Nxc7 38. Qxc7 Bd6 39. Qc4
Ba3 40. Bd1 Qe7 41. Qc8+ Kg7 42. Qc3+ Kg8 43. Qe3 Qd6 44. Bb3 Qc7 45. Qe8+ Kg7
46. Qa4 Qc1+ 47. Kg2 Qc5 48. Qd7 Qf8 49. Kf1 h6 50. g4 Qa8 51. Kg1 Qa5 52. Qe8
Qc7 53. Qe4 Bd6 54. h3 Bc5 55. Kg2 Bb6 56. h4 Qd8 57. Qe5+ Kg8 58. d6 Qd7 59.
f3 Bd8 60. h5 Kh7 61. hxg6+ fxg6 62. Qd5 Qe8 63. Qf7+ Qxf7 64. Bxf7 Kg7 65. Be8
g5 66. a4 Kf6 67. Bc6 Ke5 68. d7 Kd4 69. Kf2 Ba5 70. Ke2 Bc7 71. Kd2 Ba5+ 72.
Kc2 Kc4 73. Bb5+ Kd4 74. Kb3 Ke5 75. Bd3 Kd4 76. Bf5 Kc5 77. Be4 Kd4 78. d8=Q+
Bxd8 79. Kb4 1-0

[Event "XI C.to Italiano U20"]
[Site "Bratto - Castione della Presolana ITA"]
[Date "2003.08.24"]
[Round "4"]
[White "Stirpe, Claudio"]
[Black "Vignoli, Matteo"]
[Result "1-0"]
[WhiteElo "1668"]
[BlackElo "1600"]
[PlyCount "59"]
[EventDate "2003.08.21"]

1. d4 Nf6 2. c4 g6 3. Nc3 Bg7 4. e4 d6 5. f3 O-O 6. Be3 e5 7. d5 Na6 8. Bd3 Ne8
9. g4 Kh8 10. h4 h5 11. gxh5 gxh5 12. Qd2 Bd7 13. O-O-O Nc5 14. Bc2 Rb8 15.
Nge2 b5 16. Rdg1 Bf6 17. Bxc5 Kh7 18. Be3 bxc4 19. Ng3 Ng7 20. Bg5 c5 21. Bd1
Rg8 22. f4 exf4 23. Nxh5 Nxh5 24. Bxh5 Bxg5 25. hxg5 Rxg5 26. Bxf7+ Kg7 27.
Qxf4 Bg4 28. Rxg4 Rxg4 29. Qxg4+ Kxf7 30. Rh7+ 1-0

[Event "XI C.to Italiano U20"]
[Site "Bratto - Castione della Presolana ITA"]
[Date "2003.08.24"]
[Round "4"]
[White "Stromboli, Carlo"]
[Black "Boscolo, Marco"]
[Result "0-1"]
[WhiteElo "1744"]
[BlackElo "1567"]
[PlyCount "110"]
[EventDate "2003.08.21"]

1. e4 e5 2. Nf3 Nc6 3. Bc4 Bc5 4. Nc3 Nf6 5. d3 d6 6. Bg5 h6 7. Bxf6 Qxf6 8.
Nd5 Qd8 9. c3 a6 10. h3 Ne7 11. O-O c6 12. Nxe7 Qxe7 13. d4 Bb6 14. Qb3 Bc7 15.
a4 O-O 16. a5 Qf6 17. dxe5 dxe5 18. Rfe1 Rb8 19. Re3 b5 20. Be2 Be6 21. Qc2 c5
22. Nh2 Rfd8 23. Rg3 Qf4 24. Re3 f5 25. g3 Qg5 26. h4 Qf6 27. Rf3 f4 28. b4 c4
29. Kh1 Rd7 30. gxf4 exf4 31. Rg1 Rbd8 32. e5 Bxe5 33. Rg6 Qf7 34. h5 Bf5 35.
Qc1 Bxg6 36. hxg6 Qxg6 37. Qe1 Qe4 38. Bxc4+ Qxc4 39. Qxe5 Qd5 40. Qxf4 Rf7 41.
Qg4 Rxf3 42. Nxf3 Rf8 43. Kg2 Kh8 44. Kg3 Qd3 45. Kg2 Qxc3 46. Nh4 Qc6+ 47. Kg3
Qd6+ 48. Kg2 g5 49. Nf3 Qf4 50. Qh5 Qxf3+ 51. Qxf3 Rxf3 52. Kxf3 Kg7 53. Ke4
Kf6 54. Kd5 h5 55. Kc6 h4 0-1